000 01488nam a22002177a 4500
003 OSt
005 20181001062124.0
008 180314b xxu||||| |||| 00| 0 spa d
020 _a9501402436
040 _cPJ
100 _9122
_aVernengo, Roberto José
245 _aCurso de teoría general del derecho /
_cRobero José Vernengo.
250 _a2a. ed.
260 _aBuenos Aires :
_bDepalma,
_c1995.
300 _a464 p.;
504 _aCitas bibliográficas a pie de página.
505 _aContenidos: La ciencia del derecho y lenguaje jurídico -- Algunas estructuras lógicas del pensamiento jurídico -- Valores, normas morales y validez del derecho -- Las técnicas de control social y el derecho -- El concepto de obligación jurídica y las formas de responsabilidad -- Derecho subjetivo y relación jurídica -- El concepto de órgano de derecho y las categorías derivadas -- La personificación del sujeto de derecho -- Los sistemas normativos y la idea del derecho como un orden -- Las fuentes del derecho -- Producción, compatibilización y anulación de normas jurídicas -- La interpretación de las normas y el conocimiento científico del derecho -- Análisis formal de enunciados normativos -- Ámbito de validez normativo y reglas de formación lingüísticas -- El hecho consuetudinario -- Sobre la función social de la ciencia.
650 _aTEORIA GENERAL DEL DERECHO
_9214
650 _aDERECHO EN GENERAL
_9209
942 _2udc
_cLIB
_h340.11
_iVER
999 _c106
_d106